000 00827nas a2200253 4500
001 BR9207047
003 BR-BrBNA
005 20231205100450.0
007 ta
008 230509b bl.|||p| |||| 00| 00por d
040 _aBR-BrBNA
_bpor
_cBiblioteca Nacional de Agricultura
041 _a(Pt)
072 _aF61
100 1 _aGutierrez, L.E.
100 1 _aFerrari, S.E.
245 1 _aAcidos organicos de folhas de tres variedades de cana-de-acucar Saccharum spp)em quatro estadios de maturidade
650 _aCana de Acucar
650 _aPotassio
650 _aNutricao Vegetal
650 _aAcido Organico
773 0 _tAnais da Escola Superior de Agricultura Luiz de Queiroz (Brazil)
_xISSN 0071-1276
_g(1988), v. 45(pt. 2) p. 441-452
_wBR9207047
909 _a202311
_bLúcia
_c55
_dLúcia Elande
942 _2AGRIS
_n0
_cANA
999 _c156183
_d156183